00691nam a2200241 a 4500001001300000003000900013005001700022008004100039020001000080082001500090100001900105245005800124260003400182300000800216500003500224505001000259650001600269700001900285902000800304942000700312952011500319999001500434nice12345678IN_TiNIC20260116012213.0050524s1970 bana grp 000 0 urd  ac10000a294.5bJAZ aJazb, Alampuri aMahatma Bisweshwerb Wachan Amrit Yani Aqwal-E-Shirin aBangalorebBaswa Samitic1970 a42p aincludes index and biblioraphy2 aIndex aHindu Hymns1 aJazb, Alampuri bSRS cBK 001040708StackRoom-aHMIbHMId2007-07-23g100.00l0o294.5 JAZp07966r2007-07-23v100.00w2005-05-24yBK c6061d6061